Lataa...
Testing IT: an off-the shelf software testing process /
| Päätekijä: | |
|---|---|
| Aineistotyyppi: | Printed Book |
| Julkaistu: |
Cambridge :
Cambridge University Press ,
2001.
|
| Aiheet: |
| LEADER | 00486cam a2200145ua 4500 | ||
|---|---|---|---|
| 020 | |a 0-521-79546-X | ||
| 082 | 1 | 4 | |a 005.14 |b WAT-T |
| 100 | 1 | |a Watkins, John . | |
| 245 | 1 | 0 | |a Testing IT: an off-the shelf software testing process / |
| 260 | |a Cambridge : |b Cambridge University Press , |c 2001. | ||
| 300 | |a 315p. ; | ||
| 650 | 0 | |a Software testing | |
| 942 | |c BK | ||
| 999 | |c 34041 |d 34041 | ||
| 952 | |0 0 |1 0 |4 0 |6 005_140000000000000_WATT |7 0 |9 43531 |a KU |b KU |d 2015-07-05 |l 0 |o 005.14 WAT-T |p MB01273 |r 2020-12-24 |y BK | ||